| 000 | 00325nam a2200121Ia 4500 | ||
|---|---|---|---|
| 005 | 20251222144739.0 | ||
| 008 | 251222s9999||||xx |||||||||||||| ||spa|| | ||
| 082 | _a657.021.8/V19/2002 | ||
| 100 | _aValdivia Loayza, Carlos | ||
| 245 | 0 | _aNormas Internacionales de Contabilidad: | |
| 264 | _bInstituto PacĂfico | ||
| 942 | _cLIB | ||
| 999 |
_c18896 _d18896 |
||